000 00537nam a2200193Ia 4500
005 20250508152757.0
008 008 250505s9999 xx 000 0 eng d
037 _aTextual
040 _aFEDL
_beng
_cFEDL
041 _aeng
_2eng
084 _a914.2, HON
_qFEDL
100 _aHoneybone R C
_991502
245 0 _aBritain and overseas, Book 1
260 _aLondon, UK
_bWilliam Heinemann Ltd
_c1960
300 _aviii,196p
700 _a Goss Mary G
_9762354
942 _cTEXL
_h914.2, HON
999 _c1338699
_d1338699